| 000 | 00475nam a22001817a 4500 | ||
|---|---|---|---|
| 003 | OSt | ||
| 005 | 20251121110546.0 | ||
| 008 | 251121b |||||||| |||| 00| 0 eng d | ||
| 022 | _29966821899 | ||
| 040 | _aSEKU | ||
| 050 |
_aKSK 18 _b.A2K46 2020 |
||
| 100 | _aMwimali, Jack | ||
| 245 | _aKenya law reports | ||
| 260 |
_aNairobi:Kenya: _bNational Council for Law reporting, _c2020. |
||
| 300 | _a1169.p.: | ||
| 650 |
_aLaw _vLaw reports _xDigests _zKenya |
||
| 942 |
_2lcc _cGEN |
||
| 999 |
_c18666 _d18666 |
||